Marcatori della Juventus in UEFA Champions League 2014-2015 - Statistics

Statistiche generali
  • Questo quiz è stato fatto 83 volte
  • Il punteggio medio è 14 su 16
Statistiche sulle risposte
Partita Minuto Marcatore % Corretto
Juventus - Malmö FF 2-0 59' Carlos Tévez
99%
Juventus - Malmö FF 2-0 90' Carlos Tévez
99%
Malmö FF - Juventus 0-2 88' Carlos Tévez
99%
Juventus - Borussia Dortmund 2-1 13' Carlos Tévez
99%
Borussia Dortmund - Juventus 0-3 3' Carlos Tévez
99%
Borussia Dortmund - Juventus 0-3 79' Carlos Tévez
99%
Juventus - Borussia Dortmund 2-1 42' Álvaro Morata
96%
Borussia Dortmund - Juventus 0-3 70' Álvaro Morata
96%
Real Madrid - Juventus 1-1 57' Álvaro Morata
96%
Juventus - Barcellona 1-3 56' Álvaro Morata
96%
Juventus - Olympiakos 3-2 66' Paul Pogba
85%
Juventus - Real Madrid 2-1 58' Carlos Tévez
82%
Juventus - Real Madrid 2-1 8' Álvaro Morata
81%
Malmö FF - Juventus 0-2 49' Fernando Llorente
75%
Juventus - Monaco 1-0 57' Arturo Vidal
74%
Juventus - Olympiakos 3-2 21' Andrea Pirlo
33%
Nessun quiz corrispondente trovato
Distribuzione punteggi
Percentuale di utenti per punteggio
Percentile per numero di risposta
I tuoi punteggi nel tempo
Non hai fatto questo quiz